000 00926nas a2200313 4500
001 BR2015000311
003 BR-BrBNA
005 20231205124921.0
007 ta
008 230509b bl.|||p| |||| 00| 00por d
040 _aBR-BrBNA
_bpor
_cBiblioteca Nacional de Agricultura
041 _a(En)
072 _aL73
100 1 _aMacedo, F. de A.F. de
100 1 _aLourenço, F.J.
100 1 _aSantello, G.A.
100 1 _aMartins, E.N.
100 1 _aMora, N.H.A.P.
100 1 _aMexia, A.A.
245 1 _aAccuracy of the FAMACHA method in ewes fed different levels of crude protein
650 _aOVINO
650 _aPROTEÍNA BRUTA
650 _aPARASITOSE
650 _aANEMIA
650 _aANTI-HELMÍNTICO
773 0 _tActa Scientiarum. Animal Sciences (Brazil)
_xISSN 1806-2636
_g(Apr-Jun 2014), v. 36(2) p. 209-214
_wBR2015000311
909 _a202311
_bLúcia
_c55
_dLúcia Elande
942 _2AGRIS
_n0
_cANA
999 _c241603
_d241603